| 000 | 00995nam a22003017a 4500 | ||
|---|---|---|---|
| 001 | 5088 | ||
| 003 | FISKH | ||
| 005 | 20260226101146.0 | ||
| 008 | 241105b cb ||||| |||| 00| 0 eng d | ||
| 020 | _a9780590956062 | ||
| 040 |
_aFISKH _beng _cFISKH _dFISKH |
||
| 050 | _aE99.C5 | ||
| 082 | _a975.0049755 | ||
| 100 | _aRoop, Connie | ||
| 245 |
_aIf You Lived with the Cherokee / _cby Peter Roop, Connie Roop : illustrated by Kevin Smith |
||
| 250 | _aFirst Scholastic printing , April 1998 | ||
| 260 |
_aNew York : _bScholastic ; _c1998 . |
||
| 300 |
_a79 pages : _bcolor illustrations ; _c20 cm . |
||
| 490 | _aIf you ..... | ||
| 505 | _aS | ||
| 520 | _a"This book tells what it was like to grow up in a Cherokee family in the Great Smoky Mountains about 200 years ago"--Cover, P. [4]. | ||
| 521 | 8 |
_a800
_bLexile |
|
| 521 | 8 |
_aS
_bRaz-Plus |
|
| 650 |
_aNative American _vnon-fiction |
||
| 700 |
_aSmith, Kevin _eillustrator |
||
| 942 |
_2ddc _cBK _n0 |
||
| 999 |
_c5088 _d5088 |
||